El despliegue del art. 42 de la Constitución Nacional (Registro nro. 25276)

Detalles MARC
000 -LEADER
fixed length control field 00387 a2200109 4500
001 - CONTROL NUMBER
control field ART_28308
005 - DATE AND TIME OF LATEST TRANSACTION
control field 20260410161854.0
008 - FIXED-LENGTH DATA ELEMENTS--GENERAL INFORMATION
fixed length control field 260409a
100 1# - MAIN ENTRY--PERSONAL NAME
Personal name Carnota, Walter F.
245 10 - TITLE STATEMENT
Title El despliegue del art. 42 de la Constitución Nacional
773 0# - HOST ITEM ENTRY
Title Derecho público
Related parts A 20 años de la Reforma Constitucional de 1994 - Año III, Nº 9 (ene. 2015)
Record control number REV10451

No hay ítems disponibles.